LIBRARY ONLINE CATALOGUE

Taabu na maajabu. (Record no. 14244)

MARC details
000 -LEADER
fixed length control field 00533nam a22001932 4500
001 - CONTROL NUMBER
control field 0000005676
005 - DATE AND TIME OF LATEST TRANSACTION
control field 20151217160111.0
008 - FIXED-LENGTH DATA ELEMENTS--GENERAL INFORMATION
fixed length control field 070620s xx 000 0 eng d
040 ## - CATALOGING SOURCE
Original cataloging agency KABU
Transcribing agency KABU
050 #0 - LIBRARY OF CONGRESS CALL NUMBER
Classification number PZ90
Item number .S94Z3T33
100 1# - MAIN ENTRY--PERSONAL NAME
Personal name Zani, Zachariah M.
-- 0000156885
245 10 - TITLE STATEMENT
Title Taabu na maajabu.
260 ## - PUBLICATION, DISTRIBUTION, ETC. (IMPRINT)
Place of publication, distribution, etc. Nairobi :
Name of publisher, distributor, etc. EAEP,
Date of publication, distribution, etc. 1985.
300 ## - PHYSICAL DESCRIPTION
Extent 32 p.
908 ## - PUT COMMAND PARAMETER (RLIN)
Put command parameter 070620
950 ## - LOCAL HOLDINGS (RLIN)
-- 1
Holdings
Withdrawn status Lost status Source of classification or shelving scheme Not for loan Home library Current library Date acquired Total Checkouts Full call number Barcode Date last seen Price effective from Koha item type
    Library of Congress Classification   Kabarak, Main Campus Kabarak, Main Campus 17/12/2015   PZ90 .S94Z3T33 002083 17/12/2015 17/12/2015 Children Collection
    Library of Congress Classification   Kabarak, Main Campus Kabarak, Main Campus 17/12/2015   PZ90 .S94Z3T33 011595 17/12/2015 17/12/2015 Children Collection